Confederate States in the U.S. Civil War - Sudden Death - Statistics

General Stats
  • This quiz has been taken 279 times
  • The average score is 8 of 11
Answers on the Grid
Answers color-coded by a green-red scale on the quiz's grid according to % correct below.
Alabama
Arizona
Arkansas
California
Connecticut
Florida
Georgia
Illinois
Indiana
Iowa
Kansas
Louisiana
Maine
Massachusetts
Michigan
Minnesota
Mississippi
Nevada
New Hampshire
New Jersey
New York
North Carolina
Ohio
Oklahoma
Oregon
Pennsylvania
South Carolina
Tennessee
Texas
Vermont
Virginia
Wisconsin
 
Answer Stats
Answer % Correct
Alabama
95%
Georgia
82%
Mississippi
78%
South Carolina
77%
Florida
76%
North Carolina
76%
Texas
75%
Louisiana
74%
Arkansas
71%
Tennessee
71%
Virginia
70%
No matching quizzes found
Score Distribution
Percent of People with Each Score
Percentile by Number Answered
Your Score History
You have not taken this quiz